00792nam a2200253Ia 450000500170000000800410001702000150005804000180007304100080009106000130009910000240011224501130013626000430024930000330029249000410032550400270036665000090039365000120040265000140041465000310042865000270045965000180048670000340050420180313062209.0130821s2004 sp a gr spa  a8497510186 aCo-BoUCMbspa00aspa aWU 101.51 aBigenzahn, Wolfgang10aDisfunciones orofaciales en la infancia diagnóstico, terapia miofuncional y logopediacWolfgang Bigenzahn aBarcelona (España)bArs Medicac2004 a128 páginasbilustraciones aComunicación, lenguaje y logopedia aIncluye bibliografía04aBoca04aDientes04aLogopedia04aOclusión (Odontología)04aOdontología infantil04aOdontología1 aNieves Muños, Ramiroetrad.